header

Providing for the casualties of war (Record no. 14036)

MARC details
000 -LEADER
fixed length control field 01629nam a2200385Ia 4500
082 04 - DEWEY DECIMAL CLASSIFICATION NUMBER
Classification number 355.3/450973
100 1# - MAIN ENTRY--AUTHOR NAME
Personal name Rostker, Bernard.
245 10 - TITLE STATEMENT
Title Providing for the casualties of war
260 ## - PUBLICATION, DISTRIBUTION, ETC. (IMPRINT)
Place of publication Santa Monica, CA :
Name of publisher RAND Corporation,
Year of publication 2013.
300 ## - PHYSICAL DESCRIPTION
Number of Pages xix, 286 p. :
Other physical details ill.
500 ## - GENERAL NOTE
General note "Prepared for the Office of the Secretary of Defense."
General note "National Defense Research Institute (U.S.)."
650 #0 - SUBJECT ADDED ENTRY--TOPICAL TERM
Topical Term Battle casualties
Topical Term Medicine, Military
Topical Term Veterans
Topical Term War casualties
856 40 - ELECTRONIC LOCATION AND ACCESS
Uniform Resource Identifier http://site.ebrary.com/lib/rucke/Doc?id=10744760

No items available.

© 2026 Rongo University
Contact us: librarian | system librarian | Rongo university